| 000 | 00449nam a22001457a 4500 | ||
|---|---|---|---|
| 082 |
_a604.2 _bHOE _cL-12, P-24 |
||
| 100 |
_aHoelscher, Randolph Philip _940424 |
||
| 245 |
_aThe teaching of mechanical drawing _cHoelscher, Randolph Philip |
||
| 260 |
_aNew York _bJohn Wiley & Sons _c1929 |
||
| 300 | _axi, P-229 | ||
| 526 |
_a0 _b0 _c0 _d604_200000000000000_HOE |
||
| 650 |
_aMCE _9379 |
||
| 700 |
_aHoelscher, Randolph Philip _940424 |
||
| 942 |
_2ddc _cBK |
||
| 999 |
_c544718 _d544718 |
||